000 00602nam a2200241Ia 4500
003 OSt
005 20221005113902.0
006 a|||||r|||| 00| 0
007 ta
008 221004b |||||||| |||| 00| 0 mar d
024 _a40942
037 _cTextual
040 _aCRL
_cCRL
_bmar
041 _2mar
_amar
082 _aO155,2:g, L5
100 _aGadgil Bal Au.
_9625099
245 0 _aAkhar padhda padla
260 _c1975
300 _a150p.
_ccm.
650 _aMARATHI LITERATURE
_938000
942 _hO155,2:g, L5
_cTEXL
_2cc
999 _c1029636
_d1029636